Juan Pablo II a los universitarios
Salvato in:
| Natura: | Libro |
|---|---|
| Lingua: | spagnolo |
| Pubblicazione: |
Pamplona
EUNSA
1981
|
| Edizione: | 4a. ed |
| Serie: | Biblioteca NT Religión, 6
|
| Soggetti: | |
| Tags: |
Aggiungi Tag
Nessun Tag, puoi essere il primo ad aggiungerne!!
|
MARC
| LEADER | 00000cam a2200000 a 4500 | ||
|---|---|---|---|
| 001 | UCS9603 | ||
| 003 | CL-VaPUC | ||
| 008 | 971121e19810000SP |||||||||||||||||spa|d | ||
| 082 | 0 | 4 | |a 248.83 |b JUA |2 21 |
| 245 | 1 | 0 | |a Juan Pablo II a los universitarios |
| 250 | |a 4a. ed | ||
| 300 | |a 284 p | ||
| 942 | |c BK | ||
| 945 | |d 19971121 00:00:00 |a rleighto | ||
| 260 | |a Pamplona |b EUNSA |c 1981 | ||
| 650 | 7 | |a MENSAJES |2 CL-VaPUC |9 335531 | |
| 650 | 0 | |a Iglesia Católica |9 256114 | |
| 650 | 0 | |a Juventud |9 271073 | |
| 650 | 0 | |a Universitarios |9 371580 | |
| 650 | 0 | |a Vida cristiana |9 258753 | |
| 650 | 0 | |a Formación moral |9 351605 | |
| 583 | |a last modification |c 20150821 12:28:13 |k Rodrigo Vera | ||
| 490 | 0 | |a Biblioteca NT Religión, 6 | |
| 999 | |c 263382 |d 263380 | ||
| 952 | |0 0 |1 0 |4 0 |6 248_830000000000000_JUA_1981 |7 0 |8 A |9 292649 |a BIBENE |b BIBENE |d 2019-11-19 |i 3366987 |o 248.83 JUA 1981 |p 3366987 |r 2024-01-16 |w 2019-11-19 |y BK |k ICO | ||
| 952 | |0 0 |1 0 |4 0 |6 248_830000000000000_JUA_1981 |7 0 |8 A |9 292650 |a BIBEDU |b BIBEDU |d 2019-11-19 |i 3371212 |o 248.83 JUA 1981 |p 3371212 |r 2019-11-19 |w 2019-11-19 |y BK |k LIT | ||
| 952 | |0 0 |1 0 |4 0 |6 248_830000000000000_JUA_1981 |7 0 |8 A |9 292651 |a BIBEDU |b BIBEDU |d 2019-11-19 |i 1515888 |o 248.83 JUA 1981 |p 1515888 |r 2019-11-19 |w 2019-11-19 |y BK |k EDU | ||
| 952 | |0 0 |1 0 |3 erb |4 0 |6 248_830000000000000_JUA_1981 |7 0 |8 A |9 292652 |a BIBTEO |b BIBTEO |e Valenzuela Fuenzalida, Alvaro Miguel, 1932- |i 516995K |o 248.83 JUA 1981 |p 516995K |r 2025-01-17 |w 2019-11-19 |y BK |z Catalogado en:20150827 |k ICR | ||
| 952 | |0 0 |1 0 |3 erb |4 0 |6 248_830000000000000_JUA_1981 |7 0 |8 A |9 292653 |a BIBTEO |b BIBTEO |e Villagrán Garnham, Jorge |i 5317045 |o 248.83 JUA 1981 |p 5317045 |r 2025-01-17 |w 2019-11-19 |y BK |z Catalogado en:20160731 |k ICR | ||